Total eclipse /

Bibliographic Details
Main Author: Hampton, Christopher, 1946-
Format: Book
Language:English
Published: London ; Boston : Faber and Faber, 1981.
Edition:2nd ed.
Series:Faber paperbacks

MARC

Tag First Indicator Second Indicator Subfields
LEADER 00000cam a2200000 a 4500
001 in00000085728
005 20151008053254.0
008 811023s1981 enk b 00010 eng d
020 |a 0571180485 
035 |a (OCoLC)07873569 
035 |9 AAH6875AM 
040 |a OSU  |c OSU  |d TXA  |d UtOrBLW 
049 |a TXAM  |c [388308] 
090 |a PR6058 A555  |b  T6 1981 
100 1 |a Hampton, Christopher,  |d 1946- 
245 1 0 |a Total eclipse /  |c Christopher Hampton. 
250 |a 2nd ed. 
264 1 |a London ;  |a Boston :  |b Faber and Faber,  |c 1981. 
300 |a 76 pages ;  |c 20 cm. 
336 |a text  |b txt  |2 rdacontent 
337 |a unmediated  |b n  |2 rdamedia 
338 |a volume  |b nc  |2 rdacarrier 
490 0 |a Faber paperbacks 
500 |a A play. 
504 |a Bibliography: page 76. 
999 |a MARS 
999 f f |s b69588a9-244e-30ee-a19f-c9523423fb11  |i 304fa681-7e62-3be2-973c-8a7cd15d1ae9  |t 0 
952 f f |p ric  |a Texas A&M University  |b Rellis Campus  |c Joint Library Facility  |d Remote Storage  |t 0  |e PR6058 A555 T6 1981  |h Library of Congress classification  |i unmediated -- volume  |m A14805949701 
998 f f |a PR6058 A555 T6 1981  |t 0  |l Remote Storage